000 00408nam a2200145Ia 4500
008 240624s9999 xx 000 0 und d
041 _aeng
082 _a332.63228 SRI
100 _aSRIDHAR A N
245 _aFUTURES AND OPTIONS EQUITIES AND COMMODI
250 _a(3rd ed.)
260 _c1908
_aMumbai
_bShroff Publishers and Distributors Pvt.Ltd.
300 _aix, : 393 : p. : cm. ; 23
365 _cRS
_b25
999 _c19064
_d19064